Couleurs des 5 anneaux olympiques - Statistiques

Statistiques générales
  • Ce quiz a été pris 104 fois
  • Le résultat moyen est 5 sur 5
Statistiques - réponses
Position Couleur % Correct
Haut gauche Bleu
100%
Bas gauche Jaune
98%
Haut milieu Noir
98%
Haut droite Rouge
97%
Bas droite Vert
97%
Aucun quiz correspondant
Distribution des résultats
% des personnes avec chaque résultat
Percentile par nombre de réponses
Votre historique - résultats
Vous n’avez pas pris ce quiz